Statistics for US Presidents In Alphabetical Order

Click here to take the quiz!

General Stats

  • This quiz has been taken 65 times
  • The average score is 29 of 40

Answer Stats

Answer% Correct
Adams
96%
Arthur
81%
Bush
79%
Biden
77%
Cleveland
77%
Carter
75%
Clinton
75%
Coolidge
75%
Grant
75%
Jackson
75%
Johnson
75%
Madison
75%
Monroe
75%
Eisenhower
74%
Ford
74%
Jefferson
74%
Lincoln
74%
Buchanan
72%
Fillmore
72%
Hoover
72%
Kennedy
72%
Nixon
72%
Obama
72%
Washington
72%
Wilson
72%
Hayes
70%
Garfield
68%
Harrison
68%
Pierce
68%
Reagan
68%
Taft
68%
McKinley
66%
Polk
66%
Trump
66%
Tyler
66%
Van Buren
66%
Taylor
64%
Truman
64%
Harding
62%
Roosevelt
62%

Score Distribution

Percentile by Number Answered

Percent of People with Each Score

Your Score History

You have not taken this quiz